[Event "Graz Casino Open 2014"]
[Site "Graz AUT"]
[Date "2014.02.19"]
[Round "7.9"]
[White "Froewis, Georg"]
[Black "Sadilek, Peter"]
[Result "1-0"]
[WhiteTitle "IM"]
[BlackTitle "FM"]
[WhiteElo "2437"]
[BlackElo "2244"]
[WhiteFideId "1618423"]
[BlackFideId "1616439"]
[EventDate "2014.02.14"]

1. Nf3 Nf6 2. d4 g6 3. c4 Bg7 4. Nc3 O-O 5. e4 d6 6. Be2 c5 7. O-O Re8 8. h3
cxd4 9. Nxd4 Nc6 10. Be3 Nxd4 11. Bxd4 Bd7 12. Qd2 a5 13. Qe3 Bc6 14. Bb6 Qb8
15. Nd5 Bxd5 16. cxd5 Nd7 17. Bb5 Nxb6 18. Bxe8 Nc4 19. Qe2 Nxb2 20. Bb5 a4 21.
a3 Qa7 22. Ra2 1-0

[Event "Graz Casino Open 2014"]
[Site "Graz AUT"]
[Date "2014.02.19"]
[Round "7.10"]
[White "Bachler, Reinhard"]
[Black "Berchtenbreiter, Maximilian"]
[Result "0-1"]
[BlackTitle "IM"]
[WhiteElo "2205"]
[BlackElo "2421"]
[WhiteFideId "1600273"]
[BlackFideId "24641120"]
[EventDate "2014.02.14"]

1. f4 e6 2. Nf3 h6 3. d3 Be7 4. c3 b6 5. e4 Bb7 6. Qc2 c5 7. Be3 Nf6 8. Nbd2 Nc6
9. d4 Qc7 10. g3 g5 11. fxg5 hxg5 12. Bxg5 Ng4 13. Bf4 d6 14. d5 Nce5 15. c4 Ng6
16. h3 O-O-O 17. Qd3 f5 18. exf5 Nxf4 19. gxf4 exd5 20. cxd5 Bh4+ 21. Nxh4 Qe7+
22. Ne4 Qxh4+ 23. Kd2 Rhe8 24. Be2 Nf2 25. Nxf2 Qxf4+ 26. Ke1 Re3 27. Qxe3 Qxe3
28. Ng4 Qe4 29. Rf1 Ba6 30. Rf2 0-1

[Event "Graz Casino Open 2014"]
[Site "Graz AUT"]
[Date "2014.02.19"]
[Round "7.11"]
[White "Handler, Lukas"]
[Black "Neuschmied, Siegfried"]
[Result "1-0"]
[WhiteTitle "FM"]
[BlackTitle "FM"]
[WhiteElo "2398"]
[BlackElo "2212"]
[WhiteFideId "1609580"]
[BlackFideId "1602446"]
[EventDate "2014.02.14"]

1. Nf3 Nf6 2. c4 g6 3. Nc3 Bg7 4. e4 d6 5. d4 O-O 6. Be2 e5 7. O-O Nc6 8. d5 Ne7
9. Ne1 Nd7 10. Nd3 f5 11. f3 f4 12. Bd2 g5 13. Rc1 Ng6 14. c5 Nf6 15. Nb5 Rf7
16. Ba5 b6 17. cxd6 cxd6 18. Be1 Bf8 19. Nb4 a6 20. Nc3 h5 21. Nc6 Qe8 22. Bf2
Nd7 23. Na4 b5 24. Nb6 Nxb6 25. Bxb6 Bd7 26. a4 bxa4 27. Qxa4 g4 28. fxg4 hxg4
29. Qd1 Bh6 30. Bxg4 f3 31. Bh5 fxg2 32. Rxf7 Qxf7 33. Bxg6 Qf6 34. Rc2 Bh3 35.
Bf5 Rf8 36. Bxh3 1-0

[Event "Graz Casino Open 2014"]
[Site "Graz AUT"]
[Date "2014.02.19"]
[Round "7.12"]
[White "Freitag, Manfred"]
[Black "Stagl, Marco"]
[Result "1-0"]
[WhiteTitle "IM"]
[WhiteElo "2395"]
[BlackElo "2155"]
[WhiteFideId "1602004"]
[BlackFideId "1604724"]
[EventDate "2014.02.14"]

1. e4 d5 2. exd5 Qxd5 3. Nc3 Qd6 4. d4 Nf6 5. Nf3 a6 6. Bd3 Nc6 7. Ne4 Nxe4 8.
Bxe4 Bg4 9. O-O O-O-O 10. c3 g6 11. h3 Bd7 12. c4 Bf5 13. Bxc6 Qxc6 14. Bf4 Bg7
15. Rc1 Qe4 16. Be3 Rd7 17. Re1 Qd3 18. Qa4 Rhd8 19. b4 Kb8 20. d5 Bb2 21. b5
Bxc1 22. Rxc1 b6 23. Ne5 axb5 24. Qa6 Rd6 25. Nxd3 Bxd3 26. Rc3 Bxc4 27. Bf4
Rxd5 28. Qxb6+ 1-0

[Event "Graz Casino Open 2014"]
[Site "Graz AUT"]
[Date "2014.02.19"]
[Round "7.13"]
[White "Ohme, Melanie"]
[Black "Guo, Emma"]
[Result "1-0"]
[WhiteTitle "WGM"]
[BlackTitle "WIM"]
[WhiteElo "2330"]
[BlackElo "1997"]
[WhiteFideId "4690745"]
[BlackFideId "3200795"]
[EventDate "2014.02.14"]

1. e4 e5 2. Nf3 Nc6 3. Bc4 Nf6 4. d3 Bc5 5. c3 d6 6. Bb3 a6 7. h3 h6 8. Nbd2 O-O
9. Nf1 Re8 10. g4 Be6 11. Bxe6 Rxe6 12. g5 hxg5 13. Nxg5 Re8 14. Ng3 d5 15. Qf3
Ne7 16. Rg1 Qd6 17. exd5 Ng6 18. N3e4 Qe7 19. h4 Nf4 20. Bxf4 exf4 21. O-O-O
Nxe4 22. dxe4 Qf6 23. Rg4 Bd6 24. Rdg1 Re7 25. Qg2 Be5 26. Kb1 Qg6 27. Nh3 Qf6
28. Nxf4 1-0

[Event "Graz Casino Open 2014"]
[Site "Graz AUT"]
[Date "2014.02.19"]
[Round "7.15"]
[White "Petschar, Kurt"]
[Black "Loebler, Heimo"]
[Result "1/2-1/2"]
[WhiteTitle "FM"]
[WhiteElo "2317"]
[BlackElo "2130"]
[WhiteFideId "1600478"]
[BlackFideId "1603035"]
[EventDate "2014.02.14"]

1. d4 Nf6 2. c4 g6 3. Nc3 Bg7 4. e4 d6 5. h3 O-O 6. Bg5 Qe8 7. Nf3 e5 8. dxe5
dxe5 9. Nd5 Nxd5 10. cxd5 c6 11. Bc4 cxd5 12. Bxd5 Nc6 13. O-O Be6 14. Qb3 Bxd5
15. exd5 Nd8 16. Rac1 Qd7 17. Rfd1 f6 18. Be3 Kh8 19. d6 Nc6 20. Nd2 f5 21. f3
Nd4 22. Qd3 Qxd6 23. Nc4 Qa6 24. Bxd4 exd4 25. f4 Rad8 26. Ne5 Qxa2 27. Rc7 Bxe5
28. fxe5 Qd5 29. Qf3 Qxf3 30. gxf3 Rfe8 31. f4 g5 32. Rxb7 gxf4 33. Rc1 Rc8 34.
Rxc8 Rxc8 35. Rd7 Re8 36. Rxd4 Rxe5 37. Rxf4 Kg7 38. Ra4 a5 39. b4 axb4 40. Rxb4
Kf6 41. Kf2 Re4 42. Rb8 Kg5 43. Kf3 Re6 44. Rg8+ Rg6 45. Rf8 Ra6 46. Rg8+ Kf6
47. Rf8+ Ke5 48. Re8+ Re6 49. Ra8 Rh6 50. Re8+ Kf6 51. Kg3 Kg5 52. Rf8 Re6 53.
Kf3 Rf6 54. Rg8+ Kh4 55. Kf4 Kxh3 56. Rg5 Kh4 57. Rg1 Kh5 58. Rg5+ 1/2-1/2

[Event "Graz Casino Open 2014"]
[Site "Graz AUT"]
[Date "2014.02.19"]
[Round "7.16"]
[White "Aschenbrenner, Robert"]
[Black "Gutmann, Alois"]
[Result "1-0"]
[WhiteTitle "FM"]
[WhiteElo "2265"]
[BlackElo "2050"]
[WhiteFideId "1608797"]
[BlackFideId "1614983"]
[EventDate "2014.02.14"]

1. d4 c5 2. e4 cxd4 3. Nf3 Nc6 4. Nxd4 g6 5. Nc3 Bg7 6. Be3 d6 7. Be2 Nf6 8. Nb3
O-O 9. O-O Bd7 10. f4 Rc8 11. Bf3 Qc7 12. Kh1 Na5 13. e5 dxe5 14. fxe5 Qxe5 15.
Bd4 Qc7 16. Bxf6 Bxf6 17. Nxa5 Rfd8 18. Nxb7 1-0

[Event "Graz Casino Open 2014"]
[Site "Graz AUT"]
[Date "2014.02.19"]
[Round "7.17"]
[White "Zimmermann, Heinz"]
[Black "Legenstein, Robert"]
[Result "1/2-1/2"]
[WhiteElo "2177"]
[BlackElo "2050"]
[WhiteFideId "1600559"]
[BlackFideId "1619667"]
[EventDate "2014.02.14"]

1. c4 e5 2. Nc3 Bb4 3. g3 Bxc3 4. bxc3 d6 5. Bg2 f5 6. d3 Nf6 7. Qb3 Nbd7 8. Ba3
c5 9. e3 O-O 10. Ne2 Kh8 11. h3 Re8 12. Bd5 Nxd5 13. cxd5 Rb8 14. g4 f4 15. e4
Qh4 16. Ng1 b5 17. Nf3 Qd8 18. Bc1 Nb6 19. a4 bxa4 20. Rxa4 Nxa4 21. Qxb8 Qb6
22. Qxb6 axb6 23. c4 Bd7 24. Bd2 Ra8 25. Ke2 b5 1/2-1/2

[Event "Graz Casino Open 2014"]
[Site "Graz AUT"]
[Date "2014.02.19"]
[Round "7.18"]
[White "Martinez Reyes, Pedro Ramon"]
[Black "Gaal, Alexander"]
[Result "1-0"]
[WhiteTitle "CM"]
[WhiteElo "2266"]
[BlackElo "1962"]
[WhiteFideId "3901807"]
[BlackFideId "1639374"]
[EventDate "2014.02.14"]

1. e4 d6 2. d4 Nf6 3. Nc3 g6 4. Bg5 Bg7 5. Qd2 c6 6. O-O-O Qa5 7. Kb1 Be6 8. d5
Bd7 9. f4 c5 10. e5 dxe5 11. fxe5 Ng4 12. e6 fxe6 13. dxe6 Bxe6 14. Bb5+ Kf7 15.
Qf4+ Nf6 16. Nf3 Rf8 17. Bxf6 Bxa2+ 18. Nxa2 Bxf6 19. Ng5+ Kg8 20. Bc4+ Kh8 21.
Nf7+ Kg8 22. Rd8 Nc6 23. Qh6 Bg7 24. Ne5+ 1-0

[Event "Graz Casino Open 2014"]
[Site "Graz AUT"]
[Date "2014.02.19"]
[Round "7.19"]
[White "Wittmann, Walter"]
[Black "Horvath, Reka"]
[Result "1-0"]
[WhiteTitle "IM"]
[WhiteElo "2218"]
[BlackElo "2034"]
[WhiteFideId "1600060"]
[BlackFideId "724971"]
[EventDate "2014.02.14"]

1. e4 c5 2. Nc3 Nc6 3. Nf3 g6 4. d4 cxd4 5. Nxd4 Bg7 6. Be3 Nf6 7. Bc4 Qa5 8.
O-O O-O 9. Bb3 d6 10. h3 Bd7 11. Re1 Rac8 12. Qe2 Nxe4 13. Nxc6 Bxc6 14. Nxe4
Bxb2 15. Rad1 d5 16. Bd2 Qb6 17. Ng3 Bf6 18. Qf3 Rfd8 19. Qf4 a5 20. a4 d4 21.
Ne4 Bxe4 22. Qxe4 e5 23. Bh6 Rc3 24. Rd3 Qb4 25. Bd2 1-0

[Event "Graz Casino Open 2014"]
[Site "Graz AUT"]
[Date "2014.02.19"]
[Round "7.20"]
[White "Hocevar, Nikola"]
[Black "Jicman, Ligia-Letitia"]
[Result "0-1"]
[BlackTitle "WIM"]
[WhiteElo "2016"]
[BlackElo "2166"]
[WhiteFideId "14601524"]
[BlackFideId "1201581"]
[EventDate "2014.02.14"]

1. Nf3 c5 2. c4 g6 3. Nc3 Bg7 4. d4 cxd4 5. Nxd4 Nf6 6. e4 d6 7. Be2 Nc6 8. Nc2
O-O 9. O-O a5 10. Be3 Be6 11. f3 Rc8 12. Rb1 Nd7 13. Na4 f5 14. b3 f4 15. Bf2
Qe8 16. Qd2 Qf7 17. Nb6 Nxb6 18. Bxb6 Ra8 19. a4 Qf6 20. Rfd1 g5 21. Nd4 Nxd4
22. Bxd4 Qxd4+ 23. Qxd4 Bxd4+ 24. Rxd4 Rfc8 25. Kf2 Kf7 26. Bd1 Kf6 27. Ke2 h5
28. Kd3 g4 29. Kc3 Rc7 30. Bc2 Rg8 31. Rf1 Ke5 32. g3 Rf8 33. fxg4 hxg4 34. Rxf4
Rxf4 35. gxf4+ Kxf4 36. Rd2 Ke5 37. Kd3 Rc8 38. Rf2 Rh8 39. Kc3 Rh3+ 40. Bd3 Rf3
41. Rd2 Bd7 42. Rg2 Kf4 43. Kd2 b6 44. Bc2 Rh3 45. Bd1 Be6 46. Kc2 Rh4 47. Kd3
Ke5 48. Ke3 Rh3+ 49. Rg3 Rxh2 50. Bxg4 Bxg4 51. Rxg4 Rh3+ 0-1

[Event "Graz Casino Open 2014"]
[Site "Graz AUT"]
[Date "2014.02.19"]
[Round "7.21"]
[White "Hatzl, Johannes"]
[Black "Deutschmann, Robert Peter"]
[Result "0-1"]
[WhiteElo "2141"]
[BlackElo "2014"]
[WhiteFideId "1610600"]
[BlackFideId "1609785"]
[EventDate "2014.02.14"]

1. e4 e5 2. Nf3 Nf6 3. Nc3 Nc6 4. d4 exd4 5. Nxd4 Bb4 6. Nxc6 bxc6 7. Bd3 d5 8.
exd5 cxd5 9. O-O O-O 10. Bg5 c6 11. Qf3 Be7 12. Rfe1 Rb8 13. Qe3 Bd6 14. Bxf6
Qxf6 15. Nd1 c5 16. c3 Bd7 17. Qd2 Bf4 18. Qc2 Qh6 19. g3 Rfe8 20. Ne3 Bxe3 21.
fxe3 c4 22. Bf1 Re5 23. Rad1 Bf5 24. Qf2 Be4 25. Bg2 Rf5 26. Qe2 Bd3 27. Rxd3
cxd3 28. Qxd3 Rh5 29. Bxd5 Rxh2 30. Qf5 Rhxb2 31. Qxf7+ Kh8 32. Bg2 Qf6 33. Rf1
Qxf7 34. Rxf7 Rxa2 35. Bd5 Rb1+ 36. Rf1 Rxf1+ 37. Kxf1 Rc2 38. c4 g5 39. Ke1 Kg7
40. Kd1 Rf2 41. e4 Kf6 42. Ke1 Rb2 43. Kd1 Ke5 44. c5 Rb8 45. Kc2 h5 46. Kd3 h4
47. gxh4 gxh4 48. Ke3 h3 49. Kf2 h2 50. Kg2 Rb2+ 51. Kh1 Kf4 52. e5 Kg3 53. Be4
Re2 54. Bg2 Re1+ 55. Bf1 Rxf1# 0-1

[Event "Graz Casino Open 2014"]
[Site "Graz AUT"]
[Date "2014.02.19"]
[Round "7.22"]
[White "Perdomo Araujo, Angel Eduardo"]
[Black "Wallner, Dieter"]
[Result "1/2-1/2"]
[WhiteElo "2010"]
[BlackElo "2085"]
[WhiteFideId "3902528"]
[BlackFideId "1604619"]
[EventDate "2014.02.14"]

1. a3 d5 2. e3 Nf6 3. d4 Bf5 4. Nf3 c6 5. c4 e6 6. Nc3 Nbd7 7. Be2 h6 8. O-O Bd6
9. b4 Ne4 10. Nxe4 Bxe4 11. Nd2 Bf5 12. b5 cxb5 13. cxd5 exd5 14. Bxb5 O-O 15.
Qf3 Be6 16. a4 Nf6 17. h3 Qe7 18. Bb2 Rac8 19. Rfc1 Bb4 20. Qe2 Bf5 21. Nf3 Ne4
22. Bd3 a6 23. Qd1 Rfe8 24. Rxc8 Rxc8 25. Qb3 Rd8 26. Rc1 Be6 27. Ne5 Bd6 28.
Nf3 g5 29. Ne5 f6 30. Nf3 h5 31. h4 g4 32. Ne1 g3 33. f4 Nf2 34. Be2 Bf7 35. Nf3
Re8 36. Rc3 Bxf4 37. Ba3 Qe4 38. Nd2 Qe6 39. Nf1 Bb8 40. Qxb7 Qf5 41. Bf3 Nh3+
42. Kh1 Nf2+ 43. Kg1 Nh3+ 1/2-1/2

[Event "Graz Casino Open 2014"]
[Site "Graz AUT"]
[Date "2014.02.19"]
[Round "7.23"]
[White "Spelec, Darko"]
[Black "Pretterhofer, Kiaras"]
[Result "1-0"]
[WhiteElo "2036"]
[BlackElo "2005"]
[WhiteFideId "14602423"]
[BlackFideId "1618768"]
[EventDate "2014.02.14"]

1. d4 Nf6 2. Nf3 e6 3. e3 d5 4. Bd3 Be7 5. O-O b6 6. b3 O-O 7. Bb2 Bb7 8. Ne5
Nbd7 9. f4 c5 10. Rf3 c4 11. bxc4 dxc4 12. Nxc4 Bxf3 13. Qxf3 Re8 14. Nbd2 Nf8
15. Ne5 Rc8 16. a3 Nd5 17. c4 f6 18. Ng4 f5 19. Ne5 Nf6 20. g4 Nxg4 21. Nxg4
fxg4 22. Qxg4 Bf6 23. Ne4 Nd7 24. Nd6 Nc5 25. Nxe8 Nxd3 26. Qxe6+ Kh8 27. Nd6
Rc7 28. Bc3 Re7 29. Nf7+ Rxf7 30. Qxf7 Nxf4 31. exf4 Bxd4+ 32. Bxd4 Qxd4+ 33.
Kg2 Qd2+ 34. Kf3 Qd3+ 35. Kg4 Qe2+ 36. Kf5 Qc2+ 37. Ke5 Qc3+ 38. Kd6 Qd4+ 39.
Kc6 Qe4+ 40. Kc7 1-0

[Event "Graz Casino Open 2014"]
[Site "Graz AUT"]
[Date "2014.02.19"]
[Round "7.24"]
[White "Kopinits, Anna-Christina"]
[Black "Weinberger, Simon"]
[Result "1/2-1/2"]
[WhiteTitle "WIM"]
[WhiteElo "2260"]
[BlackElo "2008"]
[WhiteFideId "1614142"]
[BlackFideId "1618202"]
[EventDate "2014.02.14"]

1. e4 e6 2. d4 c5 3. Nf3 cxd4 4. Nxd4 d6 5. Nc3 Nf6 6. Be2 Be7 7. O-O O-O 8. Kh1
a6 9. a4 Qc7 10. f4 Nc6 11. Be3 Nxd4 12. Bxd4 e5 13. Be3 exf4 14. Bxf4 Be6 15.
Bg5 Rfe8 16. Qd2 Rac8 17. Rad1 Qb6 18. Qc1 Nd7 19. Be3 1/2-1/2

[Event "Graz Casino Open 2014"]
[Site "Graz AUT"]
[Date "2014.02.19"]
[Round "7.25"]
[White "Kersten, Julian"]
[Black "Titz, Heimo"]
[Result "1/2-1/2"]
[BlackTitle "FM"]
[WhiteElo "1982"]
[BlackElo "2165"]
[WhiteFideId "1628542"]
[BlackFideId "1601520"]
[EventDate "2014.02.14"]

1. e4 c5 2. Nf3 e6 3. d4 cxd4 4. Nxd4 Nc6 5. Nc3 Qc7 6. Be3 Nf6 7. Be2 a6 8. a3
Be7 9. f4 d6 10. O-O O-O 11. Qe1 Nxd4 12. Bxd4 b5 13. Qg3 Bb7 14. Kh1 Rad8 15.
Bd3 g6 16. Rae1 Nd7 17. f5 e5 18. Be3 Bf6 19. h4 Kh8 20. Bg5 Rc8 21. Rf2 Qd8 22.
Ref1 Qe7 23. Bxf6+ Nxf6 24. Qg5 Kg7 25. fxg6 fxg6 26. h5 Nd5 27. Qxe7+ Nxe7 28.
Rxf8 Rxf8 29. Rxf8 Kxf8 30. hxg6 hxg6 31. Kh2 Kf7 32. Kg3 Kf6 33. Kf3 Bc6 34.
Kg3 Bd7 35. Kf3 Be6 36. Ne2 Nc6 37. a4 bxa4 38. Bxa6 Nb4 39. Bd3 Bd7 40. Nc3 Bc6
41. g3 Kg5 42. Bb5 Bxb5 43. Nxb5 Nxc2 44. Nxd6 a3 45. bxa3 Nxa3 46. Nf7+ Kf6 47.
Nh6 Nc4 48. Ng4+ Kg5 49. Nf2 Kf6 1/2-1/2

[Event "Graz Casino Open 2014"]
[Site "Graz AUT"]
[Date "2014.02.19"]
[Round "7.26"]
[White "Wiener, Alexander"]
[Black "Goessler, Markus"]
[Result "0-1"]
[WhiteElo "1808"]
[BlackElo "2154"]
[WhiteFideId "1636081"]
[BlackFideId "1633260"]
[EventDate "2014.02.14"]

1. e4 e5 2. Nf3 Nc6 3. Bb5 Nge7 4. O-O a6 5. Ba4 g6 6. a3 Bg7 7. d3 O-O 8. Nbd2
d6 9. Rb1 b5 10. Bb3 h6 11. Re1 Kh7 12. Nf1 f5 13. exf5 Nxf5 14. Bd5 Nfe7 15.
Ba2 Bb7 16. Ng3 Nd4 17. Nxd4 exd4 18. b4 Nd5 19. Bxd5 Bxd5 20. Qg4 Qf6 21. f3
Rae8 22. Rxe8 Rxe8 23. Ne4 Qf5 24. Qh4 Bb7 25. Bg5 Bxe4 26. f4 Bb7 27. g4 Qd5
28. Qh3 Qh1+ 0-1

[Event "Graz Casino Open 2014"]
[Site "Graz AUT"]
[Date "2014.02.19"]
[Round "7.28"]
[White "Lammer, Michael"]
[Black "Schweitzer, Werner"]
[Result "0-1"]
[WhiteElo "1575"]
[BlackElo "2055"]
[WhiteFideId "1625101"]
[BlackFideId "1622927"]
[EventDate "2014.02.14"]

1. e4 d5 2. exd5 Qxd5 3. Nc3 Qd8 4. Nf3 g6 5. d4 Nh6 6. Bc4 Bg7 7. Be3 O-O 8.
Qd2 Nf5 9. O-O Nxe3 10. fxe3 e5 11. Rad1 exd4 12. exd4 Bg4 13. Qf4 Qc8 14. Nd5
Nc6 15. c3 Be6 16. Qxc7 Qxc7 17. Nxc7 Bxc4 18. d5 Ne5 19. Nxa8 Bxf1 20. Nc7 Be2
21. Rb1 a6 22. Nd4 Bd3 23. Re1 Rd8 24. d6 Bh8 25. Nf3 Nxf3+ 26. gxf3 Bf6 27. Ne8
Bh4 28. Re3 Bb5 29. Nc7 Bg5 30. Re5 Bf6 31. Rd5 Bc6 32. Rd3 Be5 33. Nd5 Bxd6 34.
Nf6+ Kf8 35. Re3 Bc5 0-1

[Event "Graz Casino Open 2014"]
[Site "Graz AUT"]
[Date "2014.02.19"]
[Round "7.29"]
[White "Hapala, Lisa"]
[Black "Luu, Duc Hai"]
[Result "1-0"]
[WhiteElo "2054"]
[BlackElo "1927"]
[WhiteFideId "1622080"]
[BlackFideId "12412228"]
[EventDate "2014.02.14"]

1. e4 g6 2. d4 c6 3. Nc3 d5 4. h3 h5 5. Nf3 e6 6. Bd3 Nd7 7. Bf4 Bh6 8. Qd2 f6
9. exd5 cxd5 10. Bxg6+ Kf8 11. Bd3 a6 12. O-O-O b5 13. g4 h4 14. g5 Bg7 15. Bd6+
Kf7 16. g6+ Ke8 17. Nxd5 exd5 18. Rde1+ Ne5 19. dxe5 f5 20. Nd4 Rh5 21. Kb1 Qb6
22. Qb4 Rg5 23. Rhg1 Rh5 24. a4 Bd7 25. axb5 a5 26. Qc5 Qxc5 27. Bxc5 Rc8 28.
Bb6 Rb8 29. Ba7 Ra8 30. b6 Ne7 31. Ba6 Nc6 32. b7 Rd8 33. Nxc6 Bxc6 34. b8=Q
Rxb8 35. Bxb8 d4 36. Rd1 Ke7 37. Rxd4 f4 38. Rxf4 Bd5 39. Bd6+ Ke6 40. Bc8# 1-0

[Event "Graz Casino Open 2014"]
[Site "Graz AUT"]
[Date "2014.02.19"]
[Round "7.30"]
[White "Hoebarth, Guenter"]
[Black "von Lossow, Marcus"]
[Result "1-0"]
[WhiteElo "1950"]
[BlackElo "1803"]
[WhiteFideId "1610198"]
[BlackFideId "12942090"]
[EventDate "2014.02.14"]

1. e4 e5 2. Nf3 Nc6 3. Nc3 Nf6 4. d4 exd4 5. Nd5 d6 6. Nxd4 Nxd5 7. exd5 Qe7+ 8.
Be2 Nxd4 9. Qxd4 Qe5 10. Be3 g6 11. f4 Qxd4 12. Bxd4 Rg8 13. O-O-O Bg7 14. Rhe1
Bxd4 15. Rxd4 f5 16. Rb4 b6 17. Bb5+ Kd8 18. Bc6 Rb8 19. Rb3 Bd7 20. Rbe3 Bxc6
21. dxc6 a5 22. Re7 Ra8 23. Rd7+ Kc8 24. Ree7 Ra7 25. Rxh7 a4 26. Rhg7 Rxg7 27.
Rxg7 Kd8 28. Rxg6 Ke7 29. Rg8 Ke6 30. h4 Kf7 31. Rb8 Kg6 32. Rb7 Ra5 33. Rxc7
Rc5 34. Rc8 Rc4 35. c7 Kg7 36. Kd2 1-0

[Event "Graz Casino Open 2014"]
[Site "Graz AUT"]
[Date "2014.02.19"]
[Round "7.31"]
[White "Istratescu, Andrei"]
[Black "Aravindh, Chithambaram VR."]
[Result "1-0"]
[WhiteTitle "GM"]
[BlackTitle "FM"]
[WhiteElo "2671"]
[BlackElo "2381"]
[WhiteFideId "1200372"]
[BlackFideId "5072786"]
[EventDate "2014.02.14"]

1. e4 c5 2. Nf3 Nc6 3. d4 cxd4 4. Nxd4 Nf6 5. Nc3 e5 6. Ndb5 d6 7. Bg5 a6 8. Na3
b5 9. Nd5 Be7 10. Bxf6 Bxf6 11. c4 b4 12. Nc2 O-O 13. g3 Bg5 14. h4 Bh6 15. Bh3
Be6 16. Kf1 Rb8 17. b3 Bxd5 18. Qxd5 Ne7 19. Qd3 Qb6 20. Kg2 g6 21. Rad1 Rbd8
22. h5 f5 23. hxg6 hxg6 24. exf5 gxf5 25. Kg1 d5 26. cxd5 Rd6 27. Bf1 Rc8 28.
Qe2 Rc3 29. Rd3 e4 30. Rxc3 bxc3 31. Qh5 Rg6 32. Bc4 Kg7 33. Kf1 Qc5 34. g4 Qd6
35. gxf5 Rg5 36. Qh3 Nxf5 37. Qxc3+ Kg6 38. Ne3 Qf4 39. Nxf5 Rxf5 40. Rg1+ Bg5
41. Rg2 Rf6 42. Kg1 Kf7 43. Be2 e3 44. f3 Bh4 45. Qc4 Qxc4 46. Bxc4 Rxf3 47. Rh2
Bf2+ 48. Kg2 Rg3+ 49. Kf1 Rg1+ 50. Ke2 Ra1 51. a4 a5 52. Rh6 Ra2+ 53. Kf3 Rd2
54. Ra6 Bg1 55. Rxa5 Kf6 56. Ra6+ Kf5 57. Re6 Rd4 58. a5 Rf4+ 59. Ke2 Rf2+ 60.
Kd3 Rd2+ 61. Kc3 Bf2 62. Kb4 Be1 63. Kb5 Ra2 64. a6 Kf4 65. d6 Ra5+ 66. Kc6 Ra1
67. Kb7 Bf2 68. d7 Rd1 69. Kc8 Bh4 70. a7 Ra1 71. Ra6 Rxa6 72. Bxa6 e2 73. Bxe2 1-0

[Event "Graz Casino Open 2014"]
[Site "Graz AUT"]
[Date "2014.02.19"]
[Round "7.32"]
[White "Lei, Tingjie"]
[Black "Can, Emre"]
[Result "1-0"]
[BlackTitle "GM"]
[WhiteElo "2346"]
[BlackElo "2520"]
[WhiteFideId "8605114"]
[BlackFideId "6302181"]
[EventDate "2014.02.14"]

1. d4 Nf6 2. c4 e6 3. g3 c5 4. d5 exd5 5. cxd5 d6 6. Nc3 g6 7. Bg2 Bg7 8. Nf3
O-O 9. O-O Re8 10. Nd2 a6 11. a4 Nbd7 12. h3 Rb8 13. a5 Nh5 14. e4 Ne5 15. Kh2
Bd7 16. f4 Nd3 17. Nc4 Nxc1 18. Nxd6 Re7 19. Qxc1 b5 20. axb6 Qxb6 21. e5 Bb5
22. Ndxb5 axb5 23. d6 Rxe5 24. fxe5 Bxe5 25. Ne4 f5 26. Qxc5 Qxc5 27. Nxc5 Nxg3
28. Nd7 Nxf1+ 29. Kg1 Bxb2 30. Rxf1 Rd8 31. Bc6 Ba3 32. Rd1 Kf7 33. Rd3 Bb4 34.
Bxb5 Ke6 35. Kf2 f4 36. Kf3 g5 37. Kg4 h6 38. Kh5 f3 39. Rxf3 Bxd6 40. Rf6+ Ke7
41. Rxh6 Bf4 42. Kg4 Bd2 43. Rh7+ Kd6 44. Rh6+ Ke7 45. Kf5 Rc8 46. Re6+ Kd8 47.
Ne5 1-0

[Event "Graz Casino Open 2014"]
[Site "Graz AUT"]
[Date "2014.02.19"]
[Round "7.37"]
[White "Felgaer, Ruben"]
[Black "Nguyen, Thai Dai Van"]
[Result "1-0"]
[WhiteTitle "GM"]
[WhiteElo "2569"]
[BlackElo "2175"]
[WhiteFideId "107069"]
[BlackFideId "358878"]
[EventDate "2014.02.14"]

1. c4 e5 2. Nc3 Nf6 3. g3 d5 4. cxd5 Nxd5 5. Bg2 Nb6 6. Nf3 Nc6 7. O-O Be7 8. d3
O-O 9. a3 Re8 10. b4 Bf8 11. Bb2 a5 12. b5 Nd4 13. e3 Nxf3+ 14. Bxf3 Rb8 15. Qc2
Bf5 16. Rfd1 Qd7 17. Be4 Bg6 18. Rab1 Bd6 19. Qb3 Bf5 20. Qc2 Bg6 21. Bxg6 hxg6
22. Ne4 Qe7 23. d4 exd4 24. Nxd6 Qxd6 25. Rxd4 Qe7 26. Qc3 Qe5 27. a4 Red8 28.
Re1 Re8 29. Qxa5 Ra8 30. Qd2 Qf5 31. a5 Nc8 32. Rd5 Qe6 33. Re5 1-0

[Event "Graz Casino Open 2014"]
[Site "Graz AUT"]
[Date "2014.02.20"]
[Round "8.2"]
[White "Ragger, Markus"]
[Black "Bachmann, Axel"]
[Result "1-0"]
[WhiteTitle "GM"]
[BlackTitle "GM"]
[WhiteElo "2646"]
[BlackElo "2577"]
[WhiteFideId "1610856"]
[BlackFideId "3700488"]
[EventDate "2014.02.14"]

1. Nf3 Nf6 2. c4 e6 3. g3 d5 4. d4 dxc4 5. Bg2 Be7 6. Qa4+ Bd7 7. Qxc4 Bc6 8.
O-O b5 9. Qd3 O-O 10. Bf4 b4 11. Rc1 a5 12. Nbd2 Nd5 13. Ne4 Nxf4 14. gxf4 Bd5
15. Nc5 Bxc5 16. Rxc5 Nd7 17. Ng5 g6 18. Bxd5 Nxc5 19. Qh3 h5 20. Bxa8 Qxd4 21.
Bf3 Qxb2 22. Qf1 Rd8 23. Rc1 Na4 24. Rxc7 Nc3 25. e3 Rf8 26. Qd3 1-0

[Event "Graz Casino Open 2014"]
[Site "Graz AUT"]
[Date "2014.02.20"]
[Round "8.3"]
[White "Can, Emre"]
[Black "Kozul, Zdenko"]
[Result "1/2-1/2"]
[WhiteTitle "GM"]
[BlackTitle "GM"]
[WhiteElo "2520"]
[BlackElo "2588"]
[WhiteFideId "6302181"]
[BlackFideId "14502879"]
[EventDate "2014.02.14"]

1. d4 Nf6 2. c4 g6 3. Nc3 Bg7 4. e4 d6 5. Nf3 O-O 6. h3 Na6 7. Bg5 c6 8. Nd2 Nd7
9. Nb3 Nc7 10. Qd2 a5 11. Rd1 a4 12. Na1 Ne6 13. Be3 c5 14. Nc2 cxd4 15. Nxd4
Ndc5 16. Be2 Bd7 17. O-O Bc6 18. Bf3 Nxd4 19. Bxd4 Bxd4 20. Qxd4 Qa5 21. Rfe1
Rfd8 22. Qd2 Kg7 23. h4 h5 24. Re3 Nd7 25. Be2 Nf6 26. Nd5 Qxd2 27. Rxd2 e6 28.
Nxf6 Kxf6 29. f3 Ke7 30. Kf2 e5 31. g3 Bd7 32. Rd5 Rdc8 33. Rc3 b6 34. Ke3 Rc5
35. Ra3 Bc6 36. Rd2 f5 37. b4 axb3 38. Rxa8 Bxa8 39. axb3 Ra5 40. exf5 gxf5 41.
f4 Ra3 42. Rd3 Be4 43. Rc3 Ra2 44. fxe5 dxe5 45. c5 bxc5 46. Rxc5 Kd6 47. Rc8
Rb2 48. Rb8 Bc6 49. Rb4 Bd5 50. Rb6+ Kc5 51. Rb5+ Kc6 52. Rb4 Rb1 53. Kf2 Bf7
54. Rb5 Bd5 55. Rb4 Rb2 56. Ke3 Rc2 57. Rb8 Kc7 58. Rb5 Kd6 59. Rb6+ Bc6 60. Rb4
Rb2 61. Kf2 Be8 62. Ke3 Bf7 63. Rb6+ Ke7 64. Rb7+ Kf6 65. Rb6+ Kg7 66. Rb5 f4+
67. gxf4 exf4+ 68. Kf3 Rxb3+ 1/2-1/2